000 01244cam a2200337 i 4500
001 17883075
003 OSt
005 20260619101758.0
008 130911s2013 ilua b 001 0 eng
010 _a 2013028973
020 _a9780830840267
_qpaperback : alkaline paper
035 _a17883075
040 _aDLC
_beng
_cDLC
_erda
_dDLC
042 _apcc
050 0 0 _aBS680.E86
_bF54 2013
082 0 0 _a269/.2
_223
100 1 _aFlemming, Dean E.,
_d1953-
245 1 0 _aRecovering the full mission of God :
_ba Biblical perspective on being, doing, and telling /
_cDean Flemming.
264 1 _aDowners Grove, Illinois :
_bIVP Academic, An imprint of InterVarsity Press,
_c[2013]
300 _a288 pages
_billustrations ;
_c23 cm
336 _atext
_2rdacontent
337 _aunmediated
_2rdamedia
338 _avolume
_2rdacarrier
504 _aIncludes bibliographical references (pages 278-279) and indexes.
583 _aCataloguing:
_c20260619
_kgtanuigtanui
650 0 _aEvangelistic work
_xBiblical teaching.
650 0 _aMissions
_xTheory
_xBiblical teaching.
906 _a7
_bcbc
_corignew
_d1
_eecip
_f20
_gy-gencatlg
942 _2lcc
_cBK
999 _c21721
_d21720